000 01257nam a22003737a 4500
003 CHAP
005 20220329133052.0
008 971013s1990 r 00010 d
010 _a1812
011 _a2784
035 _a1984
040 _cCHAP
090 _aTesis
100 0 0 _aRodríguez González, Ezquiel.
_998539
245 _aEfecto de asperciones foliares de ethrel en cebolla (Allium cepa L.)
260 _aChapingo, Méx. :
_bEl autor,
_c1990
300 _a138 h.
_b: ilus. ; gráfs.
500 _aD43-89
502 _aTesis (Ing. Agr. Esp. en Fitotecnia) -- UACH. Departamento de Fitotecnia
590 _aALEPH
_b10
_c20130110
_lUCH01
_h1209
590 _aBATCH-UPD
_b10
_c20130110
_lUCH01
_h0053
590 _aBATCH-UPD
_b10
_c20130110
_lUCH01
_h1544
590 _aBATCH-UPD
_b10
_c20130409
_lUCH01
_h2041
590 _aBATCH-UPD
_b10
_c20130410
_lUCH01
_h0945
590 _aBATCH-UPD
_b10
_c20130914
_lUCH01
_h0905
590 _aCONVERSION
_b10
_c20130109
_lUCH01
_h1302
650 1 4 _aAcido cloroetilfosfonico 2.
_9578
650 1 4 _aCebolla
_xFloración.
_920771
650 1 4 _aCebolla
_xRendimiento.
_920801
650 1 4 _aPlantas
_xCrecimiento
_xAditivos.
_988804
901 _aBK
942 _cTESIS
949 _bBC
_cTES
_d-11478
_eTS1
_h23814
_i1984
_si
999 _c1812
_d1812